| 000 | 03025nam a22004095i 4500 | ||
|---|---|---|---|
| 001 | ELB221618 | ||
| 003 | FINmELB | ||
| 005 | 20250326043837.0 | ||
| 006 | m o d | | ||
| 007 | cr cnu|||||||| | ||
| 008 | 221101s2019 cl bd gob 000 0dspa d | ||
| 020 |
_a9789561126459 _qdigital |
||
| 020 | _z9789561126268 | ||
| 035 | _a(OCoLC)1351571153 | ||
| 040 |
_aFINmELB _bspa _erda _cFINmELB |
||
| 050 | 4 |
_aF3321.3.C6 _bC456 2019 |
|
| 080 | _a327 | ||
| 082 | 0 | 4 |
_a327.51083 _223 |
| 245 | 0 | 0 |
_aChina y América Latina en una nueva fase : _bdesafíos en el siglo XXI / _cPamela Aróstica, Walter Sánchez editores. |
| 250 | _a1a. edición. | ||
| 264 | 1 |
_aSantiago, Chile : _bUniversitaria, _c2019. |
|
| 300 |
_a1 recurso en línea (270 páginas) : _bmapas, gráficos |
||
| 336 |
_atexto _btxt _2rdacontent/spa |
||
| 337 |
_acomputadora _bc _2rdamedia/spa |
||
| 338 |
_arecurso en línea _bcr _2rdacarrier/spa |
||
| 490 | 1 | _aEstudios | |
| 504 | _aIncluye bibliografías. | ||
| 505 | 0 | 0 |
_gcap.1. _tnueva etapa en China y sus implicaciones para América Latina, La / _rAndrea Pellandra -- _gcap.2. _tChina y América Latina en la nueva normalidad: elementos de análisis en perspectiva sur-sur / _rFabricio Rodríguez -- _gcap.3. _tHacia una asociación estratégica: las inversiones de China en América Latina / _rR. Evan Ellis -- _gcap.4. _tChina y América Latina en el siglo XXI: asimetría y política exterior en la globalización económica / _rPamela Aróstica -- _gcap.5. _trelaciones triangulares, Las: ¿La hegemonía de Estados Unidos ha afectado la asertividad de China en América Latina? / _rFrancisco Urdinez -- _gcap.6. _tChina en Latinoamérica: el rol de la Unión Europea / _rDetlef Nolte -- _gcap.7. _tcompetencia entre China y Rusia en América Latina, La: ¿Alianza o confrontación? / _rVíctor Jeifets -- _gcap.8. _tDesafíos para los bloques regionales latinoamericanos frente a China / _rIgnacio Bartesaghi -- _gcap.9. _ttren que no salió, Un: las relaciones entre México y China durante la administración de Enrique Peña Nieto / _rJosé Luís León-Manríquez y Eduardo Tzili Apango -- _gcap.10. _trelaciones económicas y comerciales entre China y Brasil, Las: balance y perspectiva / _rFrancisco Luiz Corsi y José Marangoni -- _gcap.11. _tAmérica Central y la Región del Mar Caribe en el mapa geoestratégico de China / _rMaría del Pilar Ostos -- _gcap.12. _tefectos de China en el crecimiento de la economía uruguaya y futuros escenarios, Los / _rGustavo Bittencourt. |
| 588 | _aDescripción basada en metadatos suministrados por el editor y otras fuentes. | ||
| 590 | _aRecurso electrónico. Santa Fe, Arg.: elibro, 2022. Disponible vía World Wide Web. El acceso puede estar limitado para las bibliotecas afiliadas a elibro. | ||
| 651 | 4 |
_aChina _xRelaciones exteriores _zChile _ySiglo 21. |
|
| 655 | 4 | _aLibros electrónicos. | |
| 700 | 1 |
_aAróstica, Pamela, _eeditor. |
|
| 700 | 1 |
_aSánchez, Walter, _eeditor. |
|
| 797 | 2 | _aelibro, Corp. | |
| 856 | 4 | 0 | _uhttps://elibro.net/ereader/usam/221618 |
| 999 |
_c153870 _d153870 |
||